Home and church: (Record no. 12470)

000 -LEADER
fixed length control field 00550nam a2200181 a 4500
001 - CONTROL NUMBER
control field :::00010272$&:&@@
003 - CONTROL NUMBER IDENTIFIER
control field OkBaRHE
005 - DATE AND TIME OF LATEST TRANSACTION
control field 20000607103357.0
008 - FIXED-LENGTH DATA ELEMENTS--GENERAL INFORMATION
fixed length control field s1978 j 000 0 eng u
040 ## - CATALOGING SOURCE
Transcribing agency
100 1# - MAIN ENTRY--PERSONAL NAME
Personal name Jacobson, Lyle.
245 10 - TITLE STATEMENT
Title Home and church:
Remainder of title ministering to youth.
260 ## - PUBLICATION, DISTRIBUTION, ETC. (IMPRINT)
Place of publication, distribution, etc Glendale, CA., :
Name of publisher, distributor, etc G/L Publications
Date of publication, distribution, etc c1978
300 ## - PHYSICAL DESCRIPTION
Extent 32 p. ;
Dimensions 18 cm.
650 ## - SUBJECT ADDED ENTRY--TOPICAL TERM
Topical term or geographic name as entry element Church Work with Youth
942 ## - ADDED ENTRY ELEMENTS (KOHA)
Source of classification or shelving scheme
Koha item type Books
Copies
Permanent Location Source of classification or shelving scheme Price effective from Lost status Withdrawn status Koha item type Date acquired Shelving location Not for loan Copy number Date last seen Full call number Barcode Damaged status
RHEMA Bible Training College 2010-04-14  Books2010-04-14General Stacks 12010-04-14BV 4447 .J310272